[Event "Asian Zonal 3.3 2019"]
[Site "Ulaanbaatar"]
[Date "2019.04.09"]
[Round "3.11"]
[White "Gan-Erdene, Sugar"]
[Black "Batbold, Nyamsuren"]
[Result "1-0"]
[WhiteElo "2375"]
[BlackElo "1809"]
[Annotator "TA"]
[PlyCount "89"]
[EventDate "2019.04.07"]
[EventType "swiss"]
[EventRounds "9"]
[EventCountry "MGL"]
[SourceTitle "playchess.com"]
[Source "ChessBase"]
[SourceQuality "1"]

{[%evp 15,89,21,23,6,13,0,10,1,6,9,18,18,18,23,29,18,19,5,18,0,39,14,29,0,0,0,5,7,0,-31,-31,-22,19,22,25,22,20,29,29,19,25,0,0,0,23,10,103,90,162,160,158,158,158,179,275,273,837,788,1483,1532,1452,1483,1476,1189,1128,1086,1311,1274,1622,1418,1393,1348,1345,1019,1058,1011]} 1. e4 e6 2. d4 d5 3. Nd2 dxe4 4. Nxe4 Nd7 5. Nf3 Ngf6 6. Bg5 h6 7. Bxf6 Nxf6 8. Nxf6+ Qxf6 9. Bd3 {C10: French with 3 Nc3: Unusual Black 3rd moves and 3...dxe4} Bd6 10. Qe2 O-O 11. O-O {The position is equal.} Rb8 $146 ({Predecessor:} 11... Rd8 12. Rad1 c5 13. Be4 Rb8 14. dxc5 Bxc5 15. Qc4 Bb6 16. Qb5 Qe7 {½-½ (57) Van Foreest,J (2467)-Reinderman,D (2583) Groningen 2014}) 12. Rad1 b6 13. Be4 Bb7 14. Bxb7 Rxb7 15. Qe4 Rbb8 16. c4 Rfd8 17. Qc6 g5 18. g3 Rbc8 19. Rd3 Qf5 20. Rfd1 Bc5 21. Qb7 Kg7 22. b4 Bxb4 23. Ne5 $1 g4 (23... Bd6 $5 {[%cal Rd6e5]} 24. g4 Qh7 $15) 24. Nc6 {[#]} Be1 $1 {[%mdl 512]} 25. f3 (25. Rxe1 Qxd3) 25... gxf3 {( -> ...f2+)} 26. Nxd8 f2+ 27. Kf1 Rxd8 28. g4 $36 {[%mdl 2048] White has some pressure.} Qf4 {[#] aiming for ...Rd5!} ({Wrong is} 28... Qxg4 $2 29. Rg3 $18) 29. Qg2 f6 30. h4 Qd6 (30... e5 $11) 31. Re3 {[%mdl 1024] White has strong compensation.} Kf7 (31... Re8 $16 {keeps fighting.}) 32. Qe4 $18 Rg8 {Black wants to play ...f5!} 33. d5 {[%cal Rd5e6]} e5 34. Rf3 Rg6 (34... Ke8 {was worth a try.}) 35. Rdd3 h5 $2 (35... Bb4 36. Rxf2 Qd7) 36. g5 {White is clearly winning.} a5 37. Rxf6+ Qxf6 38. Rf3 Qxf3 39. Qxf3+ {[%mdl 4096] Endgame KQ-KRB} Kg7 40. Qe3 Kh7 41. Qxe5 Rg7 42. Qf5+ Kg8 43. Qe6+ Kh7 44. Qh6+ Kg8 45. Qxh5 {Accuracy: White = 56%, Black = 32%.} 1-0

[Event "Asian Zonal 3.3 2019"]
[Site "Ulaanbaatar"]
[Date "2019.04.09"]
[Round "3.12"]
[White "Surya, Wahyudi"]
[Black "Tugstumur, Yesuntumur"]
[Result "1/2-1/2"]
[WhiteElo "2197"]
[BlackElo "2355"]
[Annotator "NA RC"]
[PlyCount "112"]
[EventDate "2019.04.07"]
[EventType "swiss"]
[EventRounds "9"]
[EventCountry "MGL"]
[SourceTitle "playchess.com"]
[Source "ChessBase"]
[SourceQuality "1"]
[TimeControl "40/5400+30:1800+30"]

1. d4 Nf6 2. Nf3 g6 3. c4 Bg7 4. Nc3 O-O 5. e4 d6 6. Be2 Na6 7. O-O e5 8. Be3 Ng4 9. Bg5 Qe8 10. h3 h6 11. Bc1 Nf6 12. dxe5 dxe5 13. Be3 Qe7 14. Qc1 Kh7 15. c5 c6 16. Nd2 Be6 17. a3 Rad8 18. b4 Nc7 19. Qc2 Bc8 20. Rfd1 Ne6 21. Nb3 Ng8 22. Rxd8 Rxd8 23. Rd1 Nd4 24. Bxd4 exd4 25. Nb1 Qg5 26. Rd3 f5 27. N1d2 Qe7 28. Rf3 Nf6 29. Bd3 g5 30. exf5 Kh8 31. Ne4 Nd5 32. g3 h5 33. f6 Bxf6 34. Nxf6 Nxf6 35. Qe2 Qxe2 36. Bxe2 Kg7 37. Rd3 Bxh3 38. Nxd4 Re8 39. Bf3 Re5 40. Nb3 Re1+ 41. Kh2 Bf5 42. Re3 Rxe3 43. fxe3 Bc8 44. Na5 Kf8 45. Nc4 Bd7 46. Nd6 b5 47. cxb6 axb6 48. Nc4 b5 49. Ne5 Ke7 50. Nxc6+ Bxc6 51. Bxc6 Ng4+ 52. Kh3 Nxe3 53. Bxb5 Nc2 54. Be2 h4 55. gxh4 gxh4 56. Bd3 Nxa3 1/2-1/2

[Event "Asian Zonal 3.3 2019"]
[Site "Ulaanbaatar"]
[Date "2019.04.09"]
[Round "3.13"]
[White "Tran, Minh Thang"]
[Black "Erkhes, Bayartnar"]
[Result "1-0"]
[WhiteElo "2349"]
[BlackElo "1778"]
[Annotator "NA RC"]
[PlyCount "45"]
[EventDate "2019.04.07"]
[EventType "swiss"]
[EventRounds "9"]
[EventCountry "MGL"]
[SourceTitle "playchess.com"]
[Source "ChessBase"]
[SourceQuality "1"]
[TimeControl "40/5400+30:1800+30"]

1. Nf3 d5 2. e3 Nf6 3. c4 c6 4. b3 Bf5 5. Bb2 Nbd7 6. Be2 e6 7. O-O Bd6 8. d3 O-O 9. Nh4 Bg6 10. Nxg6 hxg6 11. Nd2 Qc7 12. h3 Rad8 13. Rc1 Qb8 14. d4 c5 15. cxd5 Nxd5 16. Ne4 Be7 17. dxc5 f5 18. Qd4 N5f6 19. Ng5 Nxc5 20. Qh4 Nh5 21. Bxh5 Ne4 22. Bxg6 Nxg5 23. Qh5 1-0

[Event "Asian Zonal 3.3 2019"]
[Site "Ulaanbaatar"]
[Date "2019.04.09"]
[Round "3.14"]
[White "Altanbayar, Tserenpeljee"]
[Black "Miciano, John Marvin"]
[Result "1/2-1/2"]
[WhiteElo "2060"]
[BlackElo "2339"]
[Annotator "TA"]
[PlyCount "103"]
[EventDate "2019.04.07"]
[EventType "swiss"]
[EventRounds "9"]
[EventCountry "MGL"]
[SourceTitle "playchess.com"]
[Source "ChessBase"]
[SourceQuality "1"]

{[%evp 18,103,24,19,19,0,19,9,24,0,0,-14,15,7,23,0,0,0,0,-8,0,0,0,0,0,0,0,0,0,0,0,0,0,0,0,0,0,0,0,0,0,-47,0,0,0,0,0,0,0,0,0,0,0,0,0,0,0,0,0,-68,-80,-68,0,0,21,22,17,0,0,0,0,0,0,0,0,0,0,0,0,0,0,0,0,0,0,0,0,0]} 1. e4 c6 2. d4 d5 3. Nc3 dxe4 4. Nxe4 Bf5 5. Ng3 Bg6 6. h4 h6 7. Nf3 e6 8. Ne5 Bh7 9. Bd3 Bxd3 10. Qxd3 Nd7 {B19: Classical Caro-Kann: 4...Bf5 main line} 11. f4 Bb4+ (11... Be7 12. Bd2 Nxe5 13. fxe5 Bxh4 14. O-O-O Bxg3 15. Qxg3 Ne7 16. Qxg7 Rg8 17. Qxh6 Qd5 18. Kb1 {½-½ (27) Predojevic,B (2626)-Saric,I (2692) Germany 2018}) 12. c3 Be7 13. h5 Ngf6 14. Qf3 {[#]} (14. Ne4 {seems wilder.} Qa5 15. Nxf6+ gxf6 16. Nc4 Qd5 17. Ne3) 14... Qc7 $146 ({Predecessor:} 14... O-O 15. Be3 Qa5 16. Nxd7 Nxd7 17. f5 Qd5 18. Qxd5 exd5 {0-1 (51) Wegener,O (2441)-Braun,A (2549) Germany 2015}) 15. Be3 O-O 16. Ne4 Nxe4 17. Qxe4 f5 18. Qc2 Nxe5 19. dxe5 Rad8 20. Qb3 Rd5 21. Bxa7 c5 {[#] Strongly threatening ...b5!} 22. Bb6 Qc6 23. c4 Rd4 (23... Rd7 $5 24. O-O $8 Rd2 $11) 24. O-O Bd8 25. Bxd8 Rfxd8 26. Rad1 Kh7 27. Rxd4 Rxd4 $11 {[%mdl 4096] Endgame KQR-KQR} 28. Qc2 Qd7 29. Rf3 Rd1+ {[%mdl 1024] Black has compensation.} 30. Kh2 $1 Rd2 31. Qc3 Rd4 32. Qc1 Qe8 33. Rh3 Qc6 34. b3 Qe4 35. Rf3 Qe2 36. a3 Rd2 {[%csl Gd2][%cal Re2g2]} 37. Qf1 Qe4 38. Rg3 (38. Rf2 $11 Rd3 39. Rf3) 38... Qd4 $1 $15 39. Rf3 Qb2 (39... Rd1 $1 $15 40. Qf2 Qa1) 40. Qg1 {The position is equal.} Qxa3 41. Qe1 Qa5 $1 42. Qg3 {And now Qg6+ would win.} Qd8 43. Qg6+ Kh8 44. Qxe6 Qh4+ {[%mdl 64] [#] Double Attack} 45. Rh3 Qxf4+ 46. Rg3 {Threatening mate with Qe8+.} Qh4+ 47. Rh3 Qg5 {[%csl Gd2][%cal Rg5g2]} 48. Qe8+ Kh7 {[%csl Gd2][%cal Rg5g2]} 49. Rg3 Qh4+ 50. Rh3 Qg4 {[%csl Gd2][%cal Rg4g2]} 51. Rg3 Qh4+ 52. Rh3 {Accuracy: White = 71%, Black = 74%.} 1/2-1/2

[Event "Asian Zonal 3.3 2019"]
[Site "Ulaanbaatar"]
[Date "2019.04.09"]
[Round "3.15"]
[White "Itgelt, Khuyagtsogt"]
[Black "Khatanbaatar, Bazar"]
[Result "1-0"]
[WhiteElo "2056"]
[BlackElo "2337"]
[Annotator "TA"]
[PlyCount "85"]
[EventDate "2019.04.07"]
[EventType "swiss"]
[EventRounds "9"]
[EventCountry "MGL"]
[SourceTitle "playchess.com"]
[Source "ChessBase"]
[SourceQuality "1"]

{[%evp 9,85,15,13,0,33,31,35,34,43,34,35,-14,0,0,0,-53,-49,-61,-58,-70,-72,-78,-75,-104,-58,-54,-57,-247,-162,-292,-188,-335,-260,-331,-315,-523,-489,-504,-381,-391,0,0,208,1,466,466,464,455,447,463,438,445,814,771,29988,29989,29993,29994,29994,-746,29977,29978,29978,29972,4133,687,635,621,747,737,725,700,691,516,516,488,510,430]} 1. d4 d5 2. c4 c6 3. Nf3 Nf6 4. g3 Bg4 5. Ne5 Bf5 6. cxd5 {D11: Slav Defence: 3 Nf3 sidelines and 3...Nf6 4 e3 Bg4} cxd5 7. Nc3 e6 (7... Nc6 8. f3 Bd7 9. e4 e6 10. Nxc6 Bxc6 11. e5 Ng8 12. Be3 Bb4 {½-½ (47) Le,Q (2714)-Hovhannisyan,R (2637) St Petersburg 2018}) 8. e4 {White is slightly better.} Bxe4 $146 ({Predecessor:} 8... dxe4 9. Bb5+ Nfd7 10. g4 Bg6 11. h4 f6 12. h5 fxe5 13. hxg6 {½-½ (41) Lopez Mulet,I (2345)-Represa Perez,M (1836) Salobrena 2015}) 9. Bb5+ Nfd7 $1 10. f3 Bg6 11. h4 $1 {[%cal Rh4h5]} f6 12. Nxg6 (12. Nxd7 $1 $11 Nxd7 13. Qe2) 12... hxg6 $15 13. Qc2 Kf7 14. Bd3 f5 $1 15. Be3 Nc6 16. Qg2 Bd6 17. O-O-O Rc8 18. Bb1 $2 {[#]} ({White should try} 18. Kb1 $15) 18... b5 $1 {[%mdl 512]} 19. h5 (19. Kd2 {might work better.}) (19. Nxb5 Nxd4+) 19... g5 {Threatens to win with ...Qa5.} ({Resist} 19... gxh5 20. g4) 20. a3 (20. Bd3 $142) 20... Na5 21. g4 {[#]} Bxa3 $1 {[%mdl 512]} 22. gxf5 $2 (22. Rd3 f4 23. bxa3 fxe3 24. Rxe3) (22. bxa3 Rxc3+) 22... Rxc3+ $19 {[%mdl 64] Double Attack} 23. Kd2 {And now fxe6+ would win.} Bxb2 24. fxe6+ Kg8 $2 (24... Kxe6 $19 {White must now prevent ...Nc4+.} 25. Bxg5 Nc4+ 26. Ke2 Nf6) 25. Bxg5 $11 Qe8 $2 (25... Nf6 $11 26. h6 Qd6) 26. Rde1 $1 $18 Ne5 $2 {[%mdl 8192]} (26... Rc4 $1 $11 {and Black has nothing to worry.} 27. exd7 Rxd4+ 28. Kc2 Qxd7 29. Kxb2 Rb4+ 30. Ka2 (30. Ka1 Nb3+ 31. Kb2 Nd4+ 32. Ka1 Qc6 $11) 30... Ra4+ 31. Kb2 Qc6) 27. dxe5 Nc4+ 28. Ke2 {aiming for Bf6.} Qxe6 29. Bf6 {[%csl Gf6][%cal Rg2g7]} Qf7 {[#]} 30. Bg6 $1 {[%cal Rg6f7]} Qc7 (30... Kf8 $142) 31. Qg4 Re3+ 32. Kf2 gxf6 33. Qe6+ Kf8 34. Qe8+ Kg7 {[#]} 35. h6+ $1 {[%mdl 512]} Rxh6 36. Rxh6 {[%csl Gh6][%cal Re8h8]} Re2+ 37. Kxe2 (37. Rxe2 $142 Kxh6 38. Bf7 Bd4+ 39. Kg2 Ne3+ {[#]} 40. Rxe3 $1 {[%mdl 512]} Qc2+ 41. Kg3) 37... Qxe5+ 38. Qxe5 Bxe5 39. Reh1 {Threatening mate with Bf5.} Bf4 40. R6h4 {White threatens Bf5 and mate.} Bg5 41. Rxc4 bxc4 42. Bf5 Kf8 43. Ra1 {Accuracy: White = 54%, Black = 37%.} 1-0

[Event "Asian Zonal 3.3 2019"]
[Site "Ulaanbaatar"]
[Date "2019.04.09"]
[Round "3.16"]
[White "Amilal, Munkhdalai"]
[Black "Lkhagvasuren, Tsedvee"]
[Result "0-1"]
[WhiteElo "2042"]
[BlackElo "2336"]
[Annotator "TA"]
[PlyCount "80"]
[EventDate "2019.04.07"]
[EventType "swiss"]
[EventRounds "9"]
[EventCountry "MGL"]
[SourceTitle "playchess.com"]
[Source "ChessBase"]
[SourceQuality "1"]

{[%evp 18,80,0,-10,4,-30,4,-33,-11,-8,0,0,45,39,39,44,44,23,43,41,37,35,43,47,56,45,50,54,40,45,40,38,56,55,46,33,68,38,59,54,77,45,109,0,0,-191,-184,-184,-184,-184,-184,-426,-427,-407,-388,-370,-354,-934,-697,-4134,-4134,-29980,-29981,-29972,-6087]} 1. e4 e5 2. Nf3 Nc6 3. Bb5 a6 4. Ba4 Nf6 5. d3 d6 6. O-O b5 {C79: Ruy Lopez: Steinitz-type lines with 3...a6 4 Ba4 Nf6 5 0-0 d6} 7. Bb3 Na5 8. Bd2 (8. Re1 Nxb3 9. axb3 c5 10. Bg5 Be7 11. Nc3 Bb7 12. Bxf6 Bxf6 13. Nd5 Bxd5 14. exd5 {½-½ (65) Vachier Lagrave,M (2789)-Carlsen,M (2855) Paris 2016}) 8... Nxb3 9. axb3 Be7 10. c4 {LiveBook: 3 Games} Rb8 11. Qc2 c5 12. Nc3 h6 $146 ({Predecessor:} 12... O-O 13. Ne1 Nh5 14. Nd5 {0-1 (46) Movsesian,S (2715)-Bok,B (2488) Germany 2011}) 13. Nd5 Nxd5 14. cxd5 Bb7 15. b4 cxb4 16. Bxb4 Rc8 17. Qd2 f5 18. Rfc1 O-O 19. Rxc8 Bxc8 20. Qc3 fxe4 21. dxe4 Bg4 22. Rxa6 Bxf3 $1 23. gxf3 Qd7 24. Kf1 Qh3+ 25. Ke2 Rf6 26. Rb6 Kh7 27. Rb7 Bf8 28. Rxb5 Qxh2 29. Rb8 h5 {[#]} (29... Qh3 $14) 30. Re8 (30. Rxf8 $1 $16 Rxf8 31. Bxd6 {[%mdl 64] Double Attack}) 30... Qg2 31. Re6 $2 (31. Rxf8 $1 $11 {and White is okay.} Rxf8 32. Bxd6 {[%mdl 64] Double Attack}) 31... Rf7 $19 32. Bxd6 Bxd6 33. Rxd6 {[%mdl 4096] Endgame And now Rd8 would win. KQR-KQR} h4 {White must now prevent ...h3.} 34. Rc6 $2 (34. Re6 h3 35. Rxe5) 34... h3 35. Qxe5 {[#] Qh5+ is the strong threat.} Qxf3+ 36. Kd2 Qxf2+ 37. Kc3 $2 (37. Kd3 Rf3+ 38. Kc4) 37... Qh4 38. Qe6 Rf6 39. Qe8 h2 40. Rc8 h1=Q {Accuracy: White = 37%, Black = 67%.} (40... Qe1+ $142 41. Kd3 Qd1+ 42. Kc4 h1=Q 43. Qh8+ Kg6 44. Qxh1 Qxh1 45. Rc6 Qxe4+ 46. Kc5 Kf5 47. d6 g5 48. b3 g4 49. Rc7 g3 50. Re7 Qc2+ {[%mdl 64] Double Attack} 51. Kb5 Rxd6 52. Rf7+ Kg6 53. Rf8 Qxb3+ 54. Ka5 Rd5+ 55. Ka6 Qb5+ 56. Ka7 Rd7+ 57. Ka8 Qb7#) 0-1

[Event "Asian Zonal 3.3 2019"]
[Site "Ulaanbaatar"]
[Date "2019.04.09"]
[Round "3.17"]
[White "Erkhembayar, Tserentsoodol"]
[Black "Garidmagnai, Byambasuren"]
[Result "0-1"]
[WhiteElo "1757"]
[BlackElo "2313"]
[Annotator "TA"]
[PlyCount "130"]
[EventDate "2019.04.07"]
[EventType "swiss"]
[EventRounds "9"]
[EventCountry "MGL"]
[SourceTitle "playchess.com"]
[Source "ChessBase"]
[SourceQuality "1"]

{[%evp 13,130,48,54,26,32,19,38,38,67,-9,0,0,10,8,25,27,28,27,37,30,19,0,68,52,56,0,4,0,0,0,35,49,49,41,41,49,49,-47,-7,-33,-6,-39,-35,-41,-48,-82,-82,-82,-82,-82,-82,-82,-82,-82,-35,-82,-30,-35,-10,-82,-82,-82,-82,-82,-82,-94,-82,-82,-82,-82,-82,-82,-82,-82,0,-82,-72,-82,-82,-82,0,-82,-82,-82,-82,-82,-82,-150,-136,-137,-141,-193,-182,-296,-296,-294,-283,-378,-381,-436,-422,-474,-457,-2062,-2053,-1896,-1889,-1696,-1421,-1452,-1412,-2269,-2243,-1948,-1648,-6199,-6091,-5081,-1737]} 1. c4 Nf6 2. d4 g6 3. Nc3 Bg7 4. e4 d6 5. Bd3 O-O 6. Nge2 e5 7. d5 a5 8. h3 {E70: King's Indian: Miscellaneous lines with 4 e4, including 5 Nge2 and 5 Bd3 0-0 6 Nge2} (8. O-O Na6 9. f3 Nc5 10. Bc2 Nh5 11. g4 Nf6 12. Be3 h5 13. h3 hxg4 14. fxg4 Bxg4 15. hxg4 Nxg4 16. Bxc5 Qh4 17. Rf3 dxc5 18. Qe1 {0-1 (51) Miton,K (2601)-Korobov,A (2693) Wroclaw 2014}) 8... Na6 9. O-O Nc5 10. Bc2 {White is slightly better.} b6 $146 ({Predecessor:} 10... Bd7 11. Be3 b6 12. Qd2 Qc8 13. b3 Nh5 14. Bh6 f5 15. exf5 Bxf5 16. Bxf5 Rxf5 17. g4 Rf3 18. gxh5 Bxh6 19. Qxh6 Qxh3 {½-½ (25) Tarun,V (2086)-Bukojemski,A (2233) Suwalki 2018}) 11. a4 (11. Ng3 $14) 11... Qe7 12. Bg5 h6 13. Be3 Ba6 14. b3 Rae8 15. Qd2 $1 Kh7 16. Rab1 Bc8 17. Ng3 Ng8 (17... Nfd7 $11) 18. Nb5 h5 19. Rbc1 (19. Rbe1 $14) 19... Bh6 $11 20. Bxh6 Nxh6 21. f4 Ba6 22. f5 Qh4 {Strongly threatening ...Bxb5.} 23. Qe3 Bxb5 24. cxb5 g5 25. Ne2 ({Better is} 25. Bd1 $14) 25... Rg8 26. Qg3 Rg7 27. Rf2 Ng8 28. Qxh4 gxh4 29. Kh2 Nf6 30. Nc3 Reg8 31. Rg1 Rg3 32. Rf3 Kh6 33. Kh1 R8g5 34. Kh2 Kg7 ({Black should play} 34... Rg7 $17) 35. Kh1 $1 Kf8 36. Kh2 (36. Ne2 $11 {remains equal.}) 36... Ke7 37. Kh1 Rg7 38. Kh2 R3g5 39. Re3 Nh7 40. Ne2 Kd8 41. Kh1 Nd7 42. Kh2 Ndf6 43. Kh1 Nd7 {[%cal Bf6d7,Bd7c5,Bc5e4][%mdl 32]} 44. Kh2 $1 Nhf6 45. Kh1 Rg8 46. Kh2 R8g7 47. Kh1 $1 Nc5 48. Nc3 Kd7 49. Kh2 {[#]} Rg4 $1 {[%mdl 512]} 50. Kh1 {[#]} (50. Rf3 $142 Rg3 51. Kh1) (50. hxg4 Nxg4+) 50... Rf4 $1 $17 51. Rf3 Nfxe4 52. Bxe4 (52. Nxe4 $17 Nxe4 53. Rxf4 Ng3+ 54. Kh2 exf4 55. Bd3) 52... Nxe4 $19 53. Rxf4 (53. Nxe4 $142 Rxe4 54. Rc3) 53... Ng3+ 54. Kh2 exf4 {[%mdl 4096] Endgame KRN-KRN} 55. Re1 Rg5 56. Kg1 Rxf5 {Black is clearly winning.} 57. Kf2 Re5 58. Ne2 (58. Na2 $142 Ne4+ 59. Kg1) 58... Rxe2+ 59. Rxe2 Nxe2 60. Kxe2 {KP-KP} Ke7 61. Kf3 Kf6 62. Kxf4 Kg6 63. Ke4 {[#]} Kg5 $1 64. Kd4 Kf4 65. Kc4 Ke4 {Accuracy: White = 49%, Black = 64%.} (65... Kg3 $142 66. b4 Kxg2) 0-1

[Event "Asian Zonal 3.3 2019"]
[Site "Ulaanbaatar"]
[Date "2019.04.09"]
[Round "3.18"]
[White "Chinguun, Sumiya"]
[Black "Tenuunbold, Battulga"]
[Result "1-0"]
[WhiteElo "2250"]
[BlackElo "1692"]
[Annotator "TA"]
[PlyCount "145"]
[EventDate "2019.04.07"]
[EventType "swiss"]
[EventRounds "9"]
[EventCountry "MGL"]
[SourceTitle "playchess.com"]
[Source "ChessBase"]
[SourceQuality "1"]

{[%evp 13,145,-5,-6,-17,29,26,20,31,20,12,29,30,29,34,31,30,45,38,55,11,22,40,37,37,90,18,25,16,30,27,33,22,79,72,65,34,52,47,94,83,106,116,132,137,141,89,125,122,141,150,123,145,151,160,197,200,195,204,309,312,406,240,365,358,349,326,423,418,440,440,650,644,615,386,586,500,991,981,978,939,822,886,977,601,997,872,1714,595,1036,1036,986,935,769,735,917,516,496,0,885,891,1243,1187,2618,2096,29984,29985,29985,29986,29986,29987,29988,29987,29989,29982,29986,29986,29986,29987,29989,29989,29989,29990,29990,29991,29991,29992,29992,29993,29993,29994,29994,29995,29996,29997]} 1. e4 e6 2. Qe2 c5 3. Nf3 Nc6 4. g3 Nf6 5. Bg2 d5 6. d3 Be7 7. O-O O-O 8. c3 {C00: French: Unusual White 2nd moves} (8. e5 Nd7 9. c4 d4 10. Re1 Rb8 11. h4 b5 12. cxb5 Rxb5 13. Na3 Rb8 14. Nc4 Nb6 15. b3 Nxc4 16. bxc4 Rb6 17. Ng5 {1-0 (32) Carlsen,M (2837)-Ding,L (2774) Saint Louis 2017}) 8... dxe4 9. dxe4 e5 10. Bg5 {The position is equal.} Be6 11. Nbd2 $146 {[%cal Bb1d2,Bd2c4,Bc4e3,Be3d5][%mdl 32]} ({Predecessor:} 11. Rd1 Qc7 12. Nbd2 a6 13. Bxf6 Bxf6 14. Nc4 Bxc4 15. Qxc4 {½-½ (48) Kyrkjebo,H (1923)-Vigo Allepuz,D (2104) Barcelona 2017}) 11... h6 12. Bxf6 $1 Bxf6 13. Nc4 Qc7 14. Ne3 Rfd8 15. Nd2 Bg5 16. Ndc4 b5 17. Nd5 Qb7 18. Na3 Rab8 {[#]} (18... b4 $14 19. Nc4 bxc3 20. bxc3 Qa6) 19. h4 (19. f4 $1 $16 {[%cal Rf4g5]} exf4 20. gxf4) 19... Be7 $1 $11 20. Nc2 Bf8 21. Nce3 Ne7 22. Qh5 Bxd5 (22... Nc6 $11 {keeps the balance.}) 23. exd5 $16 Qc7 24. Rfd1 g6 25. Qe2 Bg7 26. h5 g5 27. Bh3 c4 28. a4 a6 29. Bg2 (29. Bf5 $142) 29... Rd6 30. Ra2 f5 31. axb5 axb5 32. g4 f4 33. Nc2 Qc5 {[%cal Re7d5]} 34. Nb4 Rf8 35. Bf3 Kh8 (35... Re8 {was necessary.} 36. Rda1 Nc8) 36. Rda1 $18 Ng8 37. Ra6 (37. Ra8 $142) 37... Nf6 (37... Rxa6 $142 38. Rxa6 (38. Nxa6 Qa7 $14) 38... Re8) 38. Rxd6 Qxd6 39. Ra6 Qd7 40. Re6 e4 41. Bxe4 Nxe4 (41... Re8 $142 42. Bf5 Rxe6 43. dxe6 Qe7) 42. Qxe4 Qa7 43. Ra6 Qb8 (43... Qd7 $142) 44. Qf3 Qe5 (44... Qe8 $142 45. Kg2 Qd7) 45. Re6 Qb8 46. d6 Qa7 47. Qd1 Qf7 48. Qe1 f3 {intending ...Qf4.} 49. Nd5 b4 50. Qe4 (50. Ne7 $142 Rd8 51. cxb4) 50... bxc3 51. bxc3 {[#] Threatening mate with Re7.} Qa7 52. Qxc4 ({Not} 52. Re7 Qa1+ 53. Qe1 (53. Kh2 {gets mated.} Qf1 54. Nf4 Qxf2+ 55. Kh1 gxf4 56. Qxf3 Qxf3+ 57. Kg1 Qg3+ 58. Kf1 f3 59. Re6 Qg2+ 60. Ke1 Bxc3+ 61. Kd1 Qd2#) 53... Qxe1+ 54. Rxe1 Rd8 $18) 52... Qa1+ 53. Qf1 Qa2 54. Qb5 Qa1+ 55. Qf1 (55. Kh2 $142) 55... Qa2 $1 {[%cal Ra2d5]} 56. c4 Qb2 57. Qd1 Bd4 58. Ne3 Bxe3 59. Rxe3 {[%mdl 4096] Endgame KQR-KQR. White mates.} Qf6 60. Re4 Rd8 61. c5 Kg8 62. Qd5+ Kg7 63. Re7+ Kf8 64. Qf5 Qxf5 65. gxf5 {KR-KR} g4 66. f6 g3 67. fxg3 f2+ 68. Kxf2 Ra8 69. d7 Ra2+ 70. Re2 Ra8 71. c6 Kf7 72. c7 Ra3 73. c8=Q {Accuracy: White = 60%, Black = 28%.} 1-0

[Event "Asian Zonal 3.3 2019"]
[Site "Ulaanbaatar"]
[Date "2019.04.09"]
[Round "3.19"]
[White "Bilguun, Sumiya"]
[Black "Gerelt-Od, Boldbaatar"]
[Result "1-0"]
[WhiteElo "2488"]
[BlackElo "1484"]
[Annotator "TA"]
[PlyCount "83"]
[EventDate "2019.04.07"]
[EventType "swiss"]
[EventRounds "9"]
[EventCountry "MGL"]
[SourceTitle "playchess.com"]
[Source "ChessBase"]
[SourceQuality "1"]

{[%evp 9,82,-2,5,-18,25,22,25,20,67,58,69,29,95,77,132,120,125,118,212,209,366,306,331,322,320,301,446,446,403,343,333,320,326,323,356,343,587,568,1887,1812,29983,29984,29952,7256,7021,4565,3552,3425,2897,2819,2425,2406,29991,29992,29991,29992,29992,29993,29995,29992,29992,29993,29993,29994,29994,29995,29995,29996,29996,29997,29997,29998,29998,29999,29999]} 1. c4 e5 2. e3 d6 3. Nc3 Nc6 4. g3 (4. Nf3 g6 5. Be2 Bg7 6. O-O f5 7. d4 e4 8. Nd2 Nf6 9. b4 O-O 10. b5 Ne7 11. a4 g5 12. Ba3 Qe8 13. a5 f4 14. Ndxe4 Nxe4 15. Nxe4 Nf5 16. Qd3 Nxe3 17. fxe3 {0-1 (44) Stocek,J (2549)-Gajewski,G (2653) Legnica 2013}) 4... Be6 5. d3 Nf6 6. Bg2 {A25: English Opening vs King's Indian with ...Nc6 but without early d3} Be7 7. Nge2 Qd7 8. Nd5 {White has an edge.} O-O-O $146 ({Predecessor:} 8... O-O 9. Nec3 Rae8 10. O-O Nd8 11. f4 Bg4 12. Qc2 c6 13. Nxe7+ Rxe7 14. e4 {1-0 (27) Bachmann,A (2470)-Brito,L (2275) Guarapari 2007}) 9. Qa4 Kb8 10. b4 {[%cal Bb2b4,Bb4b5][%mdl 32] [#] And now b5 would win.} (10. Nxe7 Nxe7 11. Qxd7 Bxd7 $11) 10... a6 (10... e4 $1 $11 {keeps the balance.}) 11. Nec3 $16 Na7 (11... Bh3 $142 12. O-O Nxd5 13. cxd5 Na7) 12. Nxe7 Qxe7 13. b5 Bd7 (13... axb5 $16 14. Nxb5 (14. cxb5 Qd7 $11) 14... Nxb5 15. Qxb5 e4) 14. Rb1 Nc8 $2 (14... e4 {is a better defense.} 15. Nxe4 Nxe4) 15. Qa5 $18 ({Not} 15. bxa6 Bxa4 16. Rxb7+ Ka8 $16) 15... axb5 16. Nxb5 Bxb5 17. Qxb5 {[%csl Gb1,Gg2][%cal Rb5b7]} ({Less strong is} 17. Rxb5 e4 $16) 17... Nb6 (17... b6 $142 18. Qa6 (18. Qc6 e4 $16) 18... e4 19. dxe4 c6) 18. a4 Qd7 19. Qb2 {Black must now prevent a5.} Qxa4 20. Ra1 Qe8 21. Bd2 h5 22. Qa3 {aiming for Qa7+.} d5 $2 (22... e4 {was necessary.} 23. Bc3 Rh6) 23. c5 Nfd7 24. Bh3 c6 25. cxb6 Nxb6 26. Qa7+ Kc7 27. Ba5 Kd6 28. Qxb6 {[%cal Ra5b4]} Ke7 29. Qxb7+ Kf6 30. Bxd8+ Qxd8 31. Qxc6+ {White mates.} Ke7 32. Ra7+ Kf8 33. Ra8 Ke7 34. Rxd8 Rxd8 35. Qc7+ Ke8 36. O-O Ra8 37. Rb1 Kf8 38. Rb7 {[%csl Gb7][%cal Rc7f7]} Ra1+ 39. Kg2 {[%csl Gb7][%cal Rc7f7]} Rg1+ 40. Kxg1 {[%csl Gb7][%cal Rc7f7]} Kg8 41. Qxf7+ {[%mdl 64] [#] Double Attack} Kh8 42. Qxg7# {Accuracy: White = 74%, Black = 20%.} 1-0